Hrajeme si s pohádkami : dramatická výchova v mateřské škole a na 1. stupni základní školy /

Hlavní autor: Ulrychová, Irina, 1953-
Další autoři: Gregorová, Vlasta, 1920-, Švejdová, Hana, 1960-
Jazyk: Čeština
Vydáno: Praha : Portál, 2000
Vydání: Vyd. 1.
Témata:
Externí odkaz: Digitalizovaný dokument
Fyzický popis: 117 s. ; 23 cm
Knihy
Uloženo v:
LEADER 01529nam a2200397 a 4500
001 000538088
003 CZ BrMZK
005 20260422133832.0
007 ta
008 000115s2000 xr e f cze d
015 |a cnb000975271 
020 |a 80-7178-355-2 
035 |a (OCoLC)46964446 
040 |a BOA001  |b cze 
072 7 |a 37  |x Výchova a vzdělávání  |2 Konspekt  |9 22 
080 |a 371.382  |2 MRF 
080 |a 792:37.016  |2 MRF 
080 |a 371.3  |2 MRF 
080 |a (072)  |2 MRF 
100 1 |a Ulrychová, Irina,  |d 1953-  |7 jo20000071116  |4 aut 
245 1 0 |a Hrajeme si s pohádkami :  |b dramatická výchova v mateřské škole a na 1. stupni základní školy /  |c I. Ulrychová, V. Gregorová, H. Švejdová 
250 |a Vyd. 1. 
260 |a Praha :  |b Portál,  |c 2000 
300 |a 117 s. ;  |c 23 cm 
504 |a Obsahuje bibliografii 
500 |a Dostupné též v digitální podobě v aplikaci Kramerius 
650 0 7 |a didaktické hry  |7 ph119432  |2 czenas 
650 0 7 |a dramatická výchova  |7 ph114357  |2 czenas 
650 0 7 |a studium a výuka  |7 ph136700  |2 czenas 
655 7 |a metodické příručky  |7 fd132826  |2 czenas 
700 1 |a Gregorová, Vlasta,  |d 1920-  |7 jk01032646  |4 aut 
700 1 |a Švejdová, Hana,  |d 1960-  |7 jo20000071119  |4 aut 
856 4 1 |u https://www.digitalniknihovna.cz/mzk/uuid/uuid:aa74d471-493a-11f1-bea9-0e9e3e81510c  |y Digitalizovaný dokument  |x NDK 
910 |a BOA001  |b 2-1078.428 
990 |a BK 
996 6 |b 2610123752  |c 2-1078.428  |l MZK  |r Sklad / do 1 hodiny  |n 30  |p p.v.  |w 000538088  |u 000010  |a 1  |e BOA001  |j MZK50  |s P